Riconosci il Pokémon - Quiz n°941 - Statistics

Statistiche generali
  • Questo quiz è stato fatto 1 volte
  • Il punteggio medio è 8 su 10
Statistiche sulle risposte
Indizio Risposta % Corretto
Peso 110 kg
100%
Altezza 3,0 m
100%
Tasso di cattura 45 (11.9%)
100%
Sesso 50% ♂, 50% ♀
100%
Tipo Acqua / Spettro
100%
Abilità Nuotovelox; Adattabilità; Rompiforma
100%
Generazione Ottava
100%
Stadio evoluzione Prima evoluzione
100%
Pokémon Basculegion
0%
Tasso di allevamento Medio-Veloce
0%
Nessun quiz corrispondente trovato
Distribuzione punteggi
Percentuale di utenti per punteggio
Percentile per numero di risposta
I tuoi punteggi nel tempo
Non hai fatto questo quiz